000 01171nas a2200373 4500
001 BR2013004556
003 BR-BrBNA
005 20231205122435.0
007 ta
008 230509b bl.|||p| |||| 00| 00por d
040 _aBR-BrBNA
_bpor
_cBiblioteca Nacional de Agricultura
041 _a(Pt)
072 _aL50; L73
100 1 _aAlmeida, R.K.
100 1 _aVasconcelos, A.C.
100 1 _aCarneiro, R.A.
100 1 _aPaes, P.R.O.
100 1 _aMoro, L.
100 1 _a
100 1 _a
100 1 _a
245 1 _aAlterações citológicas do sangue periférico e da medula óssea de cães com cinomose
246 1 _aCytological alterations of the bone marrow and peripheral blood of dogs with canine distemper
650 _aCÃO
650 _aCITOLOGIA
650 _aSANGUE
650 _aMEDULA ÓSSEA
650 _aDOENÇA ANIMAL
650 _aCINOMOSE
773 0 _tArquivo Brasileiro de Medicina Veterinária e Zootecnia (Brazil)
_xISSN 0102-0935
_g(Dec 2009), v. 61(6) p. 1255-1260
_wBR2013004556
856 4 0 _uhttp://www.scielo.br/pdf/abmvz/v61n6/v61n6a01.pdf
909 _a202311
_bLúcia
_c55
_dLúcia Elande
942 _2AGRIS
_n0
_cANA
999 _c228663
_d228663